[Event "Baku Open 2023"]
[Site "Baku AZE"]
[Date "2023.05.06"]
[Round "3.23"]
[White "Klek, Hanna Marie"]
[Black "Kovalev, Vladislav"]
[Result "0-1"]
[WhiteTitle "WGM"]
[BlackTitle "GM"]
[WhiteElo "2324"]
[BlackElo "2612"]
[WhiteFideId "24670057"]
[BlackFideId "13504398"]
[EventDate "2023.05.04"]

1. e4 e5 2. Nf3 Nc6 3. d4 exd4 4. Nxd4 Qf6 5. Nf3 Bb4+ 6. c3 Bc5 7. Be2 d6 8.
O-O a5 9. a4 Qe7 10. Bg5 Nf6 11. Nbd2 h6 12. Bh4 g5 13. Bg3 Nh5 14. Nb3 Bb6 15.
Nbd4 Nxg3 16. hxg3 h5 17. Bb5 Bd7 18. Bxc6 bxc6 19. e5 d5 20. Qd3 h4 21. gxh4
gxh4 22. Rfe1 Rh6 23. Nf5 Bxf5 24. Qxf5 Qe6 25. Qxe6+ fxe6 26. b4 Kd7 27. Re2
Rf8 28. bxa5 Bxa5 29. Re3 Rf4 30. Rd3 c5 31. Ra3 Rg6 32. Ne1 Re4 33. Kf1 Rxe5
34. Rf3 c4 35. Rf4 Rh5 36. Nf3 Rgh6 37. Rf8 Rf5 38. Rxf5 exf5 39. Ne5+ Ke7 40.
Ke2 Re6 41. f4 c5 42. Kd1 Rb6 43. Kc2 Ke6 44. Nf3 Rb8 45. Nxh4 d4 46. Nf3 d3+
47. Kc1 Kd5 48. Nd2 Rh8 0-1

[Event "Baku Open 2023"]
[Site "Baku AZE"]
[Date "2023.05.06"]
[Round "3.24"]
[White "Bernadskiy, Vitaliy"]
[Black "Ahmad, Khagan"]
[Result "1-0"]
[WhiteTitle "GM"]
[BlackTitle "FM"]
[WhiteElo "2619"]
[BlackElo "2321"]
[WhiteFideId "14100371"]
[BlackFideId "13431552"]
[EventDate "2023.05.04"]

1. d4 Nf6 2. c4 e6 3. Nf3 d5 4. Nc3 Bb4 5. Qa4+ Nc6 6. a3 Bxc3+ 7. bxc3 Bd7 8.
Qc2 dxc4 9. e4 Na5 10. Bg5 h6 11. Bh4 g5 12. Nxg5 hxg5 13. Bxg5 Rg8 14. h4 Bc6
15. e5 Qd5 16. exf6 O-O-O 17. f4 Bb5 18. Rb1 Nb3 19. Qe2 c5 20. Rxb3 cxb3 21.
Qxb5 Qe4+ 22. Be2 cxd4 23. O-O a6 24. Qc5+ Kb8 25. Bf3 Qe3+ 26. Kh2 Qxc3 27. Qe7
Qc7 28. Rc1 Qd7 29. Rb1 Rge8 30. Qb4 Rc8 31. Rxb3 Rc7 32. Qb6 d3 33. f5 Kc8 34.
Bf4 e5 35. Qa7 Qxf5 36. Bxb7+ Kd7 37. Bg5 d2 38. Bxd2 Qc2 39. Qe3 Rc4 40. Rd3+ 1-0

[Event "Baku Open 2023"]
[Site "Baku AZE"]
[Date "2023.05.06"]
[Round "3.25"]
[White "Muradli, Mahammad"]
[Black "Mohamed, Anees M"]
[Result "1-0"]
[WhiteTitle "GM"]
[BlackTitle "FM"]
[WhiteElo "2531"]
[BlackElo "2317"]
[WhiteFideId "13409301"]
[BlackFideId "35065815"]
[EventDate "2023.05.04"]

1. d4 d5 2. c4 c6 3. Nf3 Nf6 4. e3 e6 5. Bd3 dxc4 6. Bxc4 Nbd7 7. O-O Bd6 8. Re1
O-O 9. e4 e5 10. h3 h6 11. Nbd2 b5 12. Bd3 Re8 13. dxe5 Nxe5 14. Nxe5 Bxe5 15.
Qc2 Bd7 16. Nb3 Qc7 17. Be3 Bh2+ 18. Kh1 Bf4 19. Nc5 a5 20. Bf1 Bxe3 21. Rxe3
Rac8 22. a4 b4 23. Rd1 Be6 24. Red3 Re7 25. g3 Nd7 26. Nxe6 fxe6 27. Rd6 Ne5 28.
f4 Nf7 29. e5 Rd8 30. Rxd8+ Nxd8 31. Qg6 Nf7 32. Bc4 c5 33. b3 Kf8 34. Kg1 Qc6
35. Kf2 Qb6 36. Qe4 Qc7 37. Rd3 Qc8 38. h4 Re8 39. Qg6 Nh8 40. Qh5 Nf7 41. Qg4
Re7 42. Rd1 Qc6 43. Qg6 Qc8 44. g4 Re8 45. g5 hxg5 46. hxg5 Re7 47. Qh7 Re8 48.
g6 Rd8 49. gxf7 Kxf7 50. Qh5+ 1-0

[Event "Baku Open 2023"]
[Site "Baku AZE"]
[Date "2023.05.06"]
[Round "3.26"]
[White "Bharath, Subramaniyam H"]
[Black "Ansat, Aldiyar"]
[Result "0-1"]
[WhiteTitle "GM"]
[BlackTitle "IM"]
[WhiteElo "2517"]
[BlackElo "2317"]
[WhiteFideId "46634827"]
[BlackFideId "13715658"]
[EventDate "2023.05.04"]

1. d4 Nf6 2. c4 g6 3. Nc3 d5 4. Nf3 Bg7 5. Bg5 Ne4 6. Bf4 Nxc3 7. bxc3 c5 8. e3
O-O 9. cxd5 Qxd5 10. Be2 cxd4 11. cxd4 Qa5+ 12. Qd2 Qxd2+ 13. Kxd2 Nc6 14. Bb5
Bd7 15. Rab1 Rfd8 16. Ke2 Bf5 17. Rbc1 Nb4 18. a3 Na2 19. Rc7 Rac8 20. Bd3 Rxc7
21. Bxc7 Rc8 22. Bxf5 gxf5 23. Ba5 Nc1+ 24. Kd1 Nb3 25. Bd2 a5 26. Ke2 a4 27.
Kd3 Bf8 28. Bc3 e5 29. Nxe5 Bxa3 30. Nc4 Nc1+ 31. Rxc1 Bxc1 32. Nb6 Rc6 33. Nxa4
Ba3 34. d5 Ra6 35. Nb2 b5 36. Nd1 Bf8 37. f3 Ra3 38. Kc2 Bg7 39. Bb4 Ra2+ 40.
Kd3 Ra4 41. Bc5 Rc4 42. Ba3 f4 43. Bd6 f5 44. Bxf4 Rc1 45. Kd2 Rc5 46. e4 fxe4
47. fxe4 b4 48. d6 Rc4 49. Ne3 Rxe4 50. g3 b3 51. d7 Rd4+ 52. Kc1 Rxd7 53. Nc4
Ra7 54. Be5 Ra4 55. Nb6 b2+ 56. Bxb2 Bxb2+ 57. Kc2 Rb4 58. Nd5 Rb7 0-1

[Event "Baku Open 2023"]
[Site "Baku AZE"]
[Date "2023.05.06"]
[Round "3.27"]
[White "Guliev, Sarhan"]
[Black "Gadimbayli, Abdulla"]
[Result "0-1"]
[WhiteTitle "GM"]
[BlackTitle "GM"]
[WhiteElo "2308"]
[BlackElo "2500"]
[WhiteFideId "13400231"]
[BlackFideId "13404938"]
[EventDate "2023.05.04"]

1. d4 Nf6 2. c4 e6 3. Nc3 Bb4 4. e3 O-O 5. Ne2 d5 6. a3 Be7 7. cxd5 exd5 8. g3
c6 9. Bg2 Re8 10. O-O h6 11. Qc2 Nbd7 12. Nf4 Nb6 13. b3 Bd6 14. a4 a5 15. Ba3
Bxa3 16. Rxa3 Qe7 17. Raa1 g6 18. Rfe1 Bf5 19. Nd3 Nbd7 20. Qd2 Ne4 21. Nxe4
Bxe4 22. f3 Bxd3 23. Qxd3 Qd6 24. Rac1 Re7 25. Qc3 Rae8 26. Kf2 Qc7 27. Qd2 Qb6
28. Qc3 Qc7 29. Qd2 Qb6 30. Qc3 Qd8 31. Qd2 Nf8 32. b4 axb4 33. Qxb4 Qd7 34. a5
Ra8 35. Bf1 Nh7 36. Qb6 Qf5 37. h4 Nf6 38. Kg2 Rae8 39. Qb3 g5 40. Bd3 Rxe3 41.
Rxe3 Rxe3 42. Bxf5 Rxb3 43. a6 gxh4 44. axb7 Rxb7 45. Rxc6 Nh5 46. Rxh6 Rb2+ 47.
Kg1 Nxg3 48. Bh7+ Kg7 49. Rxh4 f5 50. Rh2 Ne2+ 51. Kf1 Ng3+ 52. Kg1 Rb4 53. Kg2
f4 54. Kh3 Nf1 55. Rh1 Ne3 56. Kh4 Kh6 57. Rb1 Rxd4 58. Bg8 Kg6 59. Rb6+ Kf5 60.
Be6+ Ke5 61. Bd7 Rc4 62. Re6+ Kd4 63. Kg5 Rc7 64. Be8 Ng2 65. Bg6 Rc3 66. Re2
Rxf3 67. Rd2+ Ke5 68. Bf7 Rg3+ 69. Kh6 Ne3 70. Bh5 Nf5+ 71. Kh7 Kf6 0-1

[Event "Baku Open 2023"]
[Site "Baku AZE"]
[Date "2023.05.06"]
[Round "3.28"]
[White "Heinemann, Josefine"]
[Black "Sivuk, Vitaly"]
[Result "1/2-1/2"]
[WhiteTitle "WGM"]
[BlackTitle "GM"]
[WhiteElo "2274"]
[BlackElo "2533"]
[WhiteFideId "12900460"]
[BlackFideId "14116502"]
[EventDate "2023.05.04"]

1. e4 c5 2. c3 g6 3. d4 cxd4 4. cxd4 d5 5. e5 a6 6. Nc3 Nc6 7. Bf4 Bg7 8. Qd2 f6
9. Nf3 Bf5 10. Be2 fxe5 11. Nxe5 Nf6 12. O-O O-O 13. Rac1 Rc8 14. Nxc6 Rxc6 15.
Be5 h5 16. Bd3 Qd7 17. h3 Kh7 18. Rce1 Rf7 19. Re2 b5 20. a3 Bh6 21. Qd1 h4 22.
Rfe1 Nh5 23. Qc2 Nf4 24. Bxf4 Bxf4 25. Bxf5 gxf5 26. Qd3 e6 27. Qf3 Bh6 28. Qh5
Rg7 29. Qxh4 Rg6 30. Re5 Qg7 31. g3 Qf6 32. Qh5 Qg5 33. Qd1 Bg7 34. R5e3 f4 35.
Rf3 Rc4 36. Ne2 fxg3 37. fxg3 Rh6 38. b3 Rc6 39. Qd3+ Qg6 40. Nf4 Qxd3 41. Rxd3
a5 42. Kg2 a4 43. bxa4 bxa4 44. Rb1 Rf6 45. Rb4 Bh6 46. Rxa4 Bxf4 47. gxf4 Rxf4
48. Rf3 Rc2+ 49. Kg3 Re4 50. Ra7+ 1/2-1/2

[Event "Baku Open 2023"]
[Site "Baku AZE"]
[Date "2023.05.06"]
[Round "3.29"]
[White "Ahmadzada, Ahmad"]
[Black "Aliyev, Ravan"]
[Result "1-0"]
[WhiteTitle "IM"]
[BlackTitle "FM"]
[WhiteElo "2488"]
[BlackElo "2280"]
[WhiteFideId "13413007"]
[BlackFideId "13409980"]
[EventDate "2023.05.04"]

1. e4 e5 2. Nf3 Nc6 3. Bc4 Bc5 4. c3 Nf6 5. d3 d6 6. O-O a6 7. a4 Ba7 8. Re1 h6
9. Nbd2 O-O 10. h3 Nh5 11. Nf1 Qf6 12. N1h2 Nf4 13. Ng4 Qg6 14. Bxf4 exf4 15. d4
Bxg4 16. hxg4 Qxg4 17. a5 Ne7 18. Qb3 Qd7 19. Qxb7 g5 20. Qb3 Kg7 21. e5 d5 22.
Bxa6 g4 23. Nh4 c5 24. Qb7 Qxb7 25. Bxb7 Rab8 26. a6 cxd4 27. cxd4 Bxd4 28. Ra4
Ba7 29. Rxf4 h5 30. g3 d4 31. b4 d3 32. b5 Rbd8 33. Rf6 Bd4 34. Rd6 Bc5 35. Rd1
Bxd6 36. exd6 Rxd6 37. a7 Rb6 38. a8=Q Rxa8 39. Bxa8 Rxb5 40. Rxd3 Ra5 41. Rd7
Kf6 42. Be4 Ra1+ 43. Kg2 Ra4 44. Bh7 Ra5 45. Rd6+ Kg7 46. Bd3 Rd5 47. Rxd5 Nxd5
48. Kf1 Kf6 49. Ke1 Ne7 50. Bc4 Nc6 51. Ke2 Ne5 52. Bd5 Kg5 53. Ke3 f6 54. Kd4
Nd7 55. Bf7 Ne5 56. Be8 Kh6 57. Bb5 Kg5 58. Ke4 Nf7 59. Kd5 Nd8 60. Be8 Nb7 61.
Ng2 Nd8 62. Nh4 Nb7 63. Ng2 Nd8 64. Nf4 h4 65. Ne6+ Nxe6 66. Kxe6 h3 67. Bc6 Kg6
68. Bd5 Kg5 69. Be4 h2 70. Kf7 f5 71. Bh1 f4 72. Ke6 1-0

[Event "Baku Open 2023"]
[Site "Baku AZE"]
[Date "2023.05.06"]
[Round "3.30"]
[White "Kurmangaliyeva, Liya"]
[Black "Manish Anto, Cristiano F"]
[Result "0-1"]
[WhiteTitle "FM"]
[BlackTitle "IM"]
[WhiteElo "2288"]
[BlackElo "2485"]
[WhiteFideId "13725831"]
[BlackFideId "25095927"]
[EventDate "2023.05.04"]

1. e4 c5 2. Nf3 d6 3. d4 Nf6 4. Nc3 cxd4 5. Nxd4 a6 6. Bd3 e6 7. f4 Be7 8. Qe2
Qc7 9. g4 b5 10. a3 Bb7 11. Bd2 Nc6 12. Nxc6 Bxc6 13. g5 Nd7 14. O-O-O Nc5 15.
Rhf1 Qb7 16. Rde1 Nxd3+ 17. Qxd3 a5 18. Qd4 O-O 19. Nb1 e5 20. fxe5 dxe5 21.
Qxe5 Rfe8 22. Qf5 Bf8 23. e5 Re6 24. Re3 b4 25. Qf4 Rc8 26. axb4 axb4 27. b3 Bg2
28. Rf2 Bc5 29. Rfe2 Bxe3 30. Bxe3 Bf3 31. Rd2 Be4 32. Bc5 h6 33. Bd6 hxg5 34.
Qxg5 Rg6 35. Qe3 Qc6 36. Bc5 Rg2 37. Rxg2 Bxg2 38. Qf2 Qxc5 39. Qxg2 Qxe5 40.
Qg4 Qc5 0-1

[Event "Baku Open 2023"]
[Site "Baku AZE"]
[Date "2023.05.06"]
[Round "3.31"]
[White "Dixit, Nikhil"]
[Black "Babazada, Khazar"]
[Result "1/2-1/2"]
[WhiteTitle "FM"]
[BlackTitle "IM"]
[WhiteElo "2257"]
[BlackElo "2474"]
[WhiteFideId "5059534"]
[BlackFideId "13413554"]
[EventDate "2023.05.04"]

1. e4 Nf6 2. e5 Nd5 3. d4 d6 4. Nf3 Nb6 5. Be2 g6 6. O-O Bg7 7. Bf4 O-O 8. Qc1
Nc6 9. Rd1 Bg4 10. h3 Bxf3 11. Bxf3 Qe8 12. c3 dxe5 13. dxe5 Nxe5 14. Bxb7 Rb8
15. Ba6 Qa4 16. Be2 Rfd8 17. Na3 Rxd1+ 18. Bxd1 Qc6 19. Bc2 Ned7 20. Qd2 Nd5 21.
Bb3 e6 22. Rd1 Nxf4 23. Qxf4 Nc5 24. Nc4 1/2-1/2

[Event "Baku Open 2023"]
[Site "Baku AZE"]
[Date "2023.05.06"]
[Round "3.32"]
[White "Chkhaidze, Nikoloz"]
[Black "Jubin, Jimmy"]
[Result "1-0"]
[WhiteTitle "FM"]
[BlackTitle "IM"]
[WhiteElo "2253"]
[BlackElo "2455"]
[WhiteFideId "13601750"]
[BlackFideId "46686614"]
[EventDate "2023.05.04"]

1. e4 c6 2. d4 d5 3. exd5 cxd5 4. c4 Nf6 5. Nc3 Nc6 6. Nf3 g6 7. cxd5 Nxd5 8.
Qb3 Nxc3 9. Bc4 e6 10. bxc3 Na5 11. Bb5+ Bd7 12. Qb2 Bg7 13. Bg5 f6 14. Bf4 O-O
15. Rb1 b6 16. O-O Bxb5 17. Qxb5 Qe8 18. Qd3 Qc6 19. Nd2 Rac8 20. Rbc1 Rfd8 21.
Qh3 Qd5 22. Rfe1 Re8 23. Ne4 Nc4 24. Re2 Qf5 25. Qg3 g5 26. Bd2 e5 27. Rce1 exd4
28. Bc1 Re6 29. cxd4 Rce8 30. Qd3 Qd5 31. h3 Ne5 32. Qb3 Qxb3 33. axb3 Nd7 34.
Nxf6+ Bxf6 35. Rxe6 Rxe6 36. Rxe6 Kf7 37. Rc6 Ke7 38. Kf1 a5 39. Ke2 1-0

[Event "Baku Open 2023"]
[Site "Baku AZE"]
[Date "2023.05.06"]
[Round "3.33"]
[White "Valiyev, Shahin"]
[Black "Akhvlediani, Irakli"]
[Result "1/2-1/2"]
[BlackTitle "FM"]
[WhiteElo "2252"]
[BlackElo "2421"]
[WhiteFideId "13424203"]
[BlackFideId "13601938"]
[EventDate "2023.05.04"]

1. e4 c5 2. Nf3 d6 3. d4 cxd4 4. Nxd4 Nf6 5. Nc3 a6 6. Be3 e5 7. Nb3 Be6 8. f3
h5 9. Qd2 Nbd7 10. Be2 Be7 11. Nd5 Nxd5 12. exd5 Bf5 13. O-O Rc8 14. c3 Nf6 15.
a4 h4 16. a5 Nh5 17. Bd1 O-O 18. Nc1 Nf4 19. Ne2 Nxe2+ 20. Bxe2 Qd7 21. b4 Bg6
22. c4 h3 23. g3 f5 24. f4 Bf6 25. Rac1 Bf7 26. Rfd1 Rfe8 27. Bf3 exf4 28. Bxf4
Be5 29. c5 dxc5 30. bxc5 Qb5 31. Bxe5 Rxe5 32. Qd4 Rce8 33. d6 Qb3 34. Qc3 Re3
35. Qxb3 Rxb3 36. d7 Rd8 37. Bd5 Rb5 38. c6 bxc6 39. Bxc6 Rb2 40. Re1 Kf8 41.
Rc5 g6 42. Rce5 Kg7 43. R5e2 Rb3 44. Re8 Rxd7 45. Bxd7 Bxe8 46. Bxe8 Ra3 47. Bd7
Rxa5 48. Be6 Rc5 49. Ra1 a5 50. Bb3 Kf6 51. Bd1 Ke5 52. Be2 g5 53. Bf1 g4 54.
Ra4 Kf6 55. Kf2 Rc2+ 56. Kg1 Rc5 57. Rf4 Rc1 58. Kf2 Ra1 59. Be2 Ke5 1/2-1/2

[Event "Baku Open 2023"]
[Site "Baku AZE"]
[Date "2023.05.06"]
[Round "3.34"]
[White "Buksa, Nataliya"]
[Black "Suyarov, Mukhammadzokhid"]
[Result "0-1"]
[WhiteTitle "IM"]
[BlackTitle "FM"]
[WhiteElo "2406"]
[BlackElo "2281"]
[WhiteFideId "14123622"]
[BlackFideId "14210495"]
[EventDate "2023.05.04"]

1. e4 e6 2. d4 d5 3. Nc3 Nf6 4. e5 Nfd7 5. f4 c5 6. Nf3 Nc6 7. Be3 Qb6 8. Na4
Qa5+ 9. c3 b6 10. Bd2 c4 11. b4 Nxb4 12. cxb4 Bxb4 13. Qc2 Bxd2+ 14. Nxd2 O-O
15. Nc3 b5 16. a3 b4 17. Qa4 Qxa4 18. Nxa4 a5 19. Rb1 Nb8 20. Kf2 Nc6 21. Ke3
Ra7 22. Be2 Bd7 23. Nc5 bxa3 24. Nf3 Nb4 25. Kd2 Rb8 26. Ra1 a2 27. g3 Be8 28.
Rhe1 a4 29. Bd1 a3 30. Kc3 Ra5 31. Re2 Kf8 32. g4 Ke7 33. f5 h6 34. Ne1 Bc6 35.
Bc2 Rab5 36. Bd1 Ra5 37. Rf2 Be8 38. Ng2 Rab5 39. Nf4 R5b6 40. Nh5 g6 41. fxg6
fxg6 42. Nf6 Bc6 43. h4 Rh8 44. Bc2 g5 45. h5 Rhb8 46. Bg6 Na6 47. Rfxa2 Nxc5
48. dxc5 Rb3+ 49. Kd4 Ra8 50. Rc1 Rf3 51. Rb1 Ra4 52. Bc2 Rf4+ 53. Kc3 d4+ 54.
Kd2 c3+ 55. Ke1 Ra5 56. Ng8+ Kd7 57. Bd3 Rxc5 58. Rxa3 Rxe5+ 59. Kd1 Rf2 60.
Ra7+ Kd6 61. Be2 Rfxe2 62. Raa1 0-1

[Event "Baku Open 2023"]
[Site "Baku AZE"]
[Date "2023.05.06"]
[Round "3.35"]
[White "Moksh, Amit Doshi"]
[Black "Mamedjarova, Turkan"]
[Result "1-0"]
[WhiteTitle "IM"]
[BlackTitle "WGM"]
[WhiteElo "2397"]
[BlackElo "2222"]
[WhiteFideId "25064967"]
[BlackFideId "13402005"]
[EventDate "2023.05.04"]

1. d4 d5 2. c4 e6 3. Nc3 Nf6 4. cxd5 exd5 5. Bg5 Be7 6. e3 O-O 7. Bd3 c6 8. h3
Nbd7 9. Qc2 Re8 10. Nf3 Nf8 11. O-O Nh5 12. Bxe7 Qxe7 13. Rab1 g6 14. b4 a6 15.
a4 Ng7 16. b5 axb5 17. axb5 Bf5 18. Bxf5 Nxf5 19. bxc6 bxc6 20. Ne5 Qe6 21. Na4
Rac8 22. Rfc1 Ne7 23. Rb7 f6 24. Nc5 Qd6 25. Ned7 Rcd8 26. Nxf8 Rxf8 27. Ra7 Nc8
28. Ra6 Rf7 29. Rb1 Qe7 30. Rxc6 Nd6 31. Qa2 Ne4 32. Re6 Qc7 33. Nxe4 dxe4 34.
Rxf6 1-0

[Event "Baku Open 2023"]
[Site "Baku AZE"]
[Date "2023.05.06"]
[Round "3.36"]
[White "Manafov, Vugar"]
[Black "Abdulla, Khayala"]
[Result "1/2-1/2"]
[WhiteTitle "FM"]
[BlackTitle "WGM"]
[WhiteElo "2399"]
[BlackElo "2213"]
[WhiteFideId "13410814"]
[BlackFideId "13401807"]
[EventDate "2023.05.04"]

1. c4 c5 2. Nc3 Nc6 3. g3 g6 4. Bg2 Bg7 5. e3 e6 6. Nge2 Nge7 7. O-O O-O 8. Nf4
d6 9. a3 Rb8 10. b4 b6 11. Qe2 Bb7 12. Bb2 cxb4 13. axb4 Nxb4 14. Rxa7 Bxg2 15.
Kxg2 Nbc6 16. Raa1 Na5 17. d3 d5 18. cxd5 e5 19. Nh3 Nxd5 20. Nxd5 Qxd5+ 21. e4
Qd7 22. f4 Nb3 23. Rad1 Nd4 24. Qf2 Rfc8 25. Rd2 Nb3 26. Rdd1 Nd4 27. Rc1 Rxc1
28. Rxc1 Ne6 29. Rd1 Nc5 30. Qf3 Ra8 31. Nf2 Ra2 32. Bxe5 Bxe5 33. fxe5 Qd4 34.
Kf1 h5 35. h4 Nd7 36. e6 fxe6 37. Rc1 Ra1 38. Rxa1 Qxa1+ 39. Kg2 Kg7 40. Qf4 Qe5
41. Qe3 Qb2 42. Qg5 Nf6 43. Kf3 e5 44. g4 hxg4+ 45. Nxg4 Nxg4 46. Qxg4 Qd2 47.
Qd7+ 1/2-1/2

[Event "Baku Open 2023"]
[Site "Baku AZE"]
[Date "2023.05.06"]
[Round "3.37"]
[White "Mamedov, Edgar"]
[Black "Salimova, Nurgyul"]
[Result "0-1"]
[WhiteTitle "FM"]
[BlackTitle "IM"]
[WhiteElo "2248"]
[BlackElo "2391"]
[WhiteFideId "13739980"]
[BlackFideId "2915138"]
[EventDate "2023.05.04"]

1. d4 Nf6 2. Bg5 d5 3. e3 c6 4. Nd2 Qb6 5. Qc1 Ne4 6. Nxe4 dxe4 7. Bf4 Nd7 8.
Ne2 e6 9. Nc3 Bb4 10. Be2 Qa5 11. O-O Bxc3 12. bxc3 e5 13. dxe5 Nc5 14. Qb2 Be6
15. Rfd1 O-O 16. c4 b6 17. Bf1 Na4 18. Qa3 Nc3 19. Qxa5 bxa5 20. Rd6 Rfb8 21. a4
Rb2 22. Rxc6 h6 23. Ra6 Rab8 24. g4 Rb1 25. Rxb1 Rxb1 26. Kg2 g5 27. Bg3 Bxg4
28. e6 fxe6 29. c5 Bf3+ 30. Kh3 Rxf1 31. c6 Ne2 32. Be5 Rg1 33. Bg3 Rg2 0-1

[Event "Baku Open 2023"]
[Site "Baku AZE"]
[Date "2023.05.06"]
[Round "3.38"]
[White "Kushko, Dmitriy"]
[Black "Srija, Seshadri"]
[Result "1/2-1/2"]
[BlackTitle "WGM"]
[WhiteElo "2379"]
[BlackElo "2199"]
[WhiteFideId "14162261"]
[BlackFideId "5055903"]
[EventDate "2023.05.04"]

1. f4 d5 2. Nf3 Nf6 3. g3 e6 4. Bg2 b5 5. d3 Bb7 6. e4 dxe4 7. Ng5 Na6 8. Nd2
Nc5 9. Ngxe4 Nfxe4 10. Nxe4 f5 11. Be3 Na4 12. Nf6+ Qxf6 13. Bxb7 Bb4+ 14. Kf2
Rd8 15. Bc6+ Kf7 16. Bxb5 Nxb2 17. Qf3 Rd5 18. Bc6 Rd6 19. Rhc1 Qc3 20. Bb7 c6
21. a3 Bc5 22. Bxc5 Qxc5+ 23. Qe3 Qxe3+ 24. Kxe3 Rb8 25. Ba6 c5 26. Bc4 Nxc4+
27. dxc4 Rd4 28. Rab1 Re4+ 29. Kd3 Rd8+ 30. Kc3 Re3+ 31. Kb2 Rd7 32. Re1 Rf3 33.
Re5 Rc7 34. Rbe1 Rb7+ 35. Ka2 Rc3 36. R1e2 Rxc4 37. Rxe6 Rxc2+ 38. Rxc2 Kxe6 39.
Rxc5 g6 40. a4 Kd6 41. Rc8 Kd7 42. Rh8 Kc6 43. Ka3 Kb6 44. Re8 Rd7 45. Re2 Rd3+
46. Kb4 Rd4+ 47. Kb3 Rd7 48. Re6+ Ka5 49. Re5+ Kb6 50. Kc3 Ka6 51. Rc5 Re7 52.
Kd3 Kb6 53. Rb5+ Kc6 54. Rb8 Re4 55. Rc8+ Kd5 56. Rd8+ Kc5 57. Rd7 Rxa4 58. Rxh7
Ra3+ 59. Ke2 Kd5 60. Rg7 Ke4 61. Re7+ Kd5 62. Kf2 a5 63. Rg7 Ke4 64. Re7+ Kd5
65. Rg7 Ke4 66. Kg2 Ra2+ 67. Kh3 a4 68. Rxg6 a3 69. Ra6 Kf3 70. Ra5 Ke4 71. Re5+
Kd4 72. Rxf5 Rf2 73. Ra5 a2 74. g4 Kc3 75. Kg3 Rd2 76. g5 Kb4 77. Rxa2 Rxa2 78.
h4 Kc5 79. Kg4 Kd6 80. Kh5 Ke6 81. Kg6 Rf2 82. h5 Rxf4 83. h6 Rh4 84. Kh7 Kf5
85. g6 Kg5 86. g7 Rxh6+ 87. Kg8 Rg6 88. Kf7 Rxg7+ 89. Kxg7 1/2-1/2

[Event "Baku Open 2023"]
[Site "Baku AZE"]
[Date "2023.05.06"]
[Round "3.39"]
[White "Begmuratov, Khumoyun"]
[Black "Nurgali, Nazerke"]
[Result "1/2-1/2"]
[WhiteTitle "FM"]
[BlackTitle "WIM"]
[WhiteElo "2400"]
[BlackElo "2150"]
[WhiteFideId "14210207"]
[BlackFideId "13711261"]
[EventDate "2023.05.04"]

1. e4 c6 2. d4 d5 3. Nc3 dxe4 4. Nxe4 Nf6 5. Nxf6+ exf6 6. Bc4 Bd6 7. Qe2+ Qe7
8. Qxe7+ Kxe7 9. Ne2 Rd8 10. a4 Bf5 11. c3 Nd7 12. O-O Kf8 13. Ng3 Be6 14. Bd3
Bxg3 15. hxg3 Nc5 16. Bc2 Nb3 17. Ra3 Nxc1 18. Rxc1 Rac8 19. Be4 Rc7 20. Raa1 h6
21. Re1 Bb3 22. Ra3 Be6 23. Bf3 Bd5 24. Bxd5 Rxd5 25. Raa1 c5 26. dxc5 Rcxc5 27.
Re2 Rd8 28. Rae1 Rc7 29. f3 b6 30. g4 Rcd7 31. Kf2 Rc8 32. Kg3 g6 33. Re4 Rcc7
34. Re8+ Kg7 35. R1e2 Rc4 36. a5 bxa5 37. Rb8 Rc5 1/2-1/2

[Event "Baku Open 2023"]
[Site "Baku AZE"]
[Date "2023.05.06"]
[Round "3.40"]
[White "Padmini, Rout"]
[Black "Aydin, Gulenay"]
[Result "1/2-1/2"]
[WhiteTitle "IM"]
[BlackTitle "WFM"]
[WhiteElo "2388"]
[BlackElo "2001"]
[WhiteFideId "5029295"]
[BlackFideId "34557431"]
[EventDate "2023.05.04"]

1. d4 Nf6 2. Nf3 g6 3. Nc3 d5 4. Bf4 Bg7 5. Nb5 Na6 6. h3 O-O 7. e3 c6 8. Nc3
Nb8 9. Bd3 Re8 10. O-O Bf5 11. Bxf5 gxf5 12. Ne5 Nbd7 13. f3 e6 14. Qd3 Nxe5 15.
Bxe5 Nh5 16. Bh2 Qh4 17. g4 Nf6 18. Kg2 fxg4 19. hxg4 h5 20. Bf4 hxg4 21. Rh1
gxf3+ 22. Kxf3 Qg4+ 23. Kf2 Qg6 24. Rag1 Qxd3 25. cxd3 Red8 26. Be5 Ne8 27.
Rxg7+ Nxg7 28. Bf6 Rdc8 29. Ne2 c5 30. Rg1 Kf8 31. Rxg7 b6 32. Rh7 Ke8 33. dxc5
bxc5 34. Ng1 Kd7 35. Nf3 Kc6 36. Ne5+ Kb5 37. Ke2 Rc7 38. Kd2 Rf8 39. Kc3 a5 40.
Bh4 Kb6 41. Bg3 Rb7 42. Bf4 Ka6 43. b3 f6 44. Rxb7 fxe5 45. Re7 exf4 46. Rxe6+
Kb7 47. exf4 Rxf4 48. Rd6 Rf2 49. a4 Rf5 50. d4 cxd4+ 51. Kxd4 Rf3 52. Rxd5 Rxb3
53. Rxa5 Kb6 54. Rb5+ Rxb5 55. axb5 Kxb5 56. Ke4 1/2-1/2

[Event "Baku Open 2023"]
[Site "Baku AZE"]
[Date "2023.05.06"]
[Round "3.41"]
[White "Divya, Deshmukh"]
[Black "Abdinova, Narmin"]
[Result "1-0"]
[WhiteTitle "WGM"]
[WhiteElo "2372"]
[BlackElo "2092"]
[WhiteFideId "35006916"]
[BlackFideId "13425340"]
[EventDate "2023.05.04"]

1. e4 c5 2. Nf3 d6 3. Bb5+ Nc6 4. O-O Bg4 5. Re1 e6 6. c3 Qa5 7. a4 Nf6 8. Na3
a6 9. Bxc6+ bxc6 10. Nc4 Qc7 11. d4 d5 12. exd5 cxd5 13. Nce5 Bd6 14. h3 Bh5 15.
g4 Bg6 16. Bf4 c4 17. Nxg6 hxg6 18. Bxd6 Qxd6 19. Ne5 Ne4 20. Re3 f6 21. Rxe4
dxe4 22. Nxc4 Qf4 23. Qf1 Ke7 24. Re1 f5 25. Ne5 Kf6 26. Re3 Rh4 27. g5+ Qxg5+
28. Rg3 Qh5 29. Rxg6+ Qxg6+ 30. Nxg6 Kxg6 31. Qc4 Kf6 32. Qc6 Rah8 33. d5 Rxh3
34. Qxe6+ Kg5 35. Kf1 Rd3 36. Qe7+ Kg6 37. Qe6+ Kg5 38. Kg2 Rd1 39. Qe7+ Kg6 40.
Qe6+ Kg5 41. Qe7+ Kg6 42. Qd6+ Kg5 43. Qg3+ Kf6 44. Qd6+ Kg5 45. Qg3+ Kf6 46. c4
Rhh1 47. Qd6+ Kg5 48. Qe7+ Kg6 49. Qe6+ Kg5 50. Qe7+ Kg6 51. Kg3 Rd3+ 52. Kf4
Rf3+ 53. Ke5 Rxf2 54. Qa7 Rff1 55. Qe3 Rf3 56. Qe2 Rh5 57. Ke6 Kg5 58. d6 Kf4
59. d7 Rh8 60. c5 e3 61. Ke7 Rf2 62. Qe1 g5 63. d8=Q Rxd8 64. Kxd8 Rd2+ 65. Ke7
Rxb2 66. Qc1 Rh2 67. c6 Kf3 68. Qf1+ Rf2 69. Qd3 Rd2 70. Qxf5+ 1-0

[Event "Baku Open 2023"]
[Site "Baku AZE"]
[Date "2023.05.06"]
[Round "3.42"]
[White "Khamdamova, Afruza"]
[Black "Atakishiyev, Elmar"]
[Result "0-1"]
[WhiteTitle "WFM"]
[BlackTitle "FM"]
[WhiteElo "2172"]
[BlackElo "2363"]
[WhiteFideId "14210444"]
[BlackFideId "13410547"]
[EventDate "2023.05.04"]

1. e4 c5 2. Nf3 a6 3. c4 e6 4. d4 cxd4 5. Nxd4 Nf6 6. Nc3 Qc7 7. a3 b6 8. Be3
Bb7 9. f3 d6 10. Be2 Be7 11. Rc1 O-O 12. g4 Qd8 13. Kd2 Nc6 14. Kc2 Rc8 15. Kb1
Na5 16. Qf1 Nd7 17. h4 Ne5 18. Na4 Nac6 19. g5 Rb8 20. Nc3 Nxd4 21. Bxd4 b5 22.
cxb5 axb5 23. Bxb5 Bc6 24. Bxe5 Bxb5 25. Nxb5 dxe5 26. Qc4 Qa5 27. a4 Ra8 28. b3
Rfd8 29. Rhd1 Bf8 30. Qc3 Qb6 31. Qc2 Qe3 32. Rxd8 Rxd8 33. Rd1 Rb8 34. Qd3 Qf2
35. h5 Qg2 36. Qe3 Rc8 37. Nc3 Bb4 38. Ne2 Rb8 39. Rc1 Ba3 40. Rc2 Bb4 41. Kb2
Rf8 42. g6 hxg6 43. hxg6 Qxg6 44. Qb6 Be1 45. a5 Qg2 46. Nd4 Bc3+ 47. Kxc3 exd4+
48. Kb2 Qg1 49. a6 Qd1 50. Rc1 Qe2+ 51. Rc2 Qd1 52. Qc5 d3 53. Rh2 d2 54. Qc2
Qf1 55. Qxd2 Qxa6 56. Qe2 Qa5 57. Qd2 Qe5+ 58. Kb1 Ra8 59. Qb2 Qg3 60. Qf2 Qd6
61. Qd2 Qa6 62. Qb2 Qf1+ 63. Kc2 Rc8+ 64. Kd2 Rd8+ 65. Kc3 Qxf3+ 66. Kc4 Qxe4+ 0-1